000 00414nam a2200145Ia 4500
008 150201s2002 xx 000 0 und d
082 _a611.018
_bH2002G
100 _aGARG, KRISHNA
245 2 _aA TEXT BOOK OF HISTOLOGY : A COLOUR ATLAS AND TEXT
250 _a3RD
260 _bC.B.S PUBLISHERS & DISTRIBUTERS
_aDARYAGANJ ( NEW DELHI)
_c2002
300 _a1-184
650 _aHUMAN HISTOLOGY
942 _2ddc
_cBK
_06
999 _c2627
_d2627